00315nam a22001097a 4500008004100000082001600041110002700057245009200084260001400176300000900190440000600199230704b xxu||||| |||| 00| 0 eng d a341.24bEAC bEast African Community aProceedings of the East African Legislative (EALA)bOfficial report (HANSARD)cVolume 2 bEACc2003 a554p v2